000 00264cam a2200109ua 4500
082 _a940
_bSUR/SI
100 _aSurjeet, .
_91649
245 _aSimple History of Modern Europe /
260 _aDelhi :
_bSurjeet book depot ,
_c1971.
300 _a ; .
942 _cBK
999 _c6264
_d6264